• 首页
  • 本馆介绍
  • 公告通知
  • 最新文献
  • 馆藏检索
  • 电子资源
  • 读者导购
  • 参考咨询
  • 我的图书馆
  • 登录
  • 详细信息显示
  • 放入我的书架
  • 预约/预借图书
  • 作者相关作品
  • 分类相关作品
  • 丛书相关作品
  • 出版社相关作品

书目信息

  • 表格格式
  • 工作单格式
  • 卡片格式
题名:
体育竞赛裁判学
    
 
作者: 张百振
分册:  
出版信息: 北京   高等教育出版社  2000
页数: 421
开本: 20cm
丛书名:
单 册:
中图分类: G808.2
科图分类:
主题词: 体育理论
电子资源:
ISBN: 7-04-007970-4
000 00506nam0 2200181 450
001 0736480453
005 20070817100800.46
010    @a7-04-007970-4@d¥14.30
100    @a20070817d km y0chiy0120 ea
101 0  @achi
200 1  @a体育竞赛裁判学@Ati yu jing sai cai pan xue@f张百振@Fzhang bai zhen
210    @a北京@c高等教育出版社@d2000
215    @a421@d20cm
606 0  @a体育理论
690    @aG808.2@v3
701  0 @a张百振@Azhang bai zhen
801  0 @aCN@bPFT@c20070817
905    @a213230@dG808.2@et30@f1
    
    体育竞赛裁判学/张百振.-北京:高等教育出版社,2000
    421;20cm
    
    
    ISBN 7-04-007970-4:¥14.30
    
●
相关链接 在E读中查询图书 在五车中查询图书 在当当中查询图书 在豆瓣中查询图书


正题名:体育竞赛裁判学     索取号:G808.2/t30         预约/预借

序号 登录号 条形码 馆藏地/架位号 状态 备注
1 6901831   269018314   密集书库-体育系/ [索取号:G808.2/t30] 在馆    
2 6901833   269018332   密集书库-体育系/ [索取号:G808.2/t30] 在馆    
3 6901834   269018341   密集书库-体育系/ [索取号:G808.2/t30] 在馆    
4 6901835   269018350   密集书库-体育系/ [索取号:G808.2/t30] 在馆    
唐山师范学院图书馆 欢迎您!
大连网信软件有限公司© 版权所有